Exegesis: (Record no. 122628)
[ view plain ]
| 000 -LEADER | |
|---|---|
| fixed length control field | 00799nam a22001937a 4500 |
| 008 - FIXED-LENGTH DATA ELEMENTS--GENERAL INFORMATION | |
| fixed length control field | 150409b xxu||||| |||| 00| 0 eng d |
| 020 ## - INTERNATIONAL STANDARD BOOK NUMBER | |
| International Standard Book Number | 0915138255 |
| 050 ## - LIBRARY OF CONGRESS CALL NUMBER | |
| Classification number | BS476.E9413 |
| 245 ## - TITLE STATEMENT | |
| Title | Exegesis: |
| Remainder of title | problems of method and exercises in reading (Genesis 22 and Luke 15) |
| Statement of responsibility, etc | /translated by Donald G. Miller |
| 260 ## - PUBLICATION, DISTRIBUTION, ETC. (IMPRINT) | |
| Place of publication, distribution, etc | Pennsylvania |
| Name of publisher, distributor, etc | The Pickwick Press |
| Date of publication, distribution, etc | 1978 |
| 300 ## - PHYSICAL DESCRIPTION | |
| Extent | x,469p. ; |
| Dimensions | 22cm. |
| 440 ## - SERIES STATEMENT/ADDED ENTRY--TITLE | |
| Title | Pittsburgh theological monograph series |
| Number of part/section of a work | no. 21 |
| 9 (RLIN) | 17085 |
| 650 ## - SUBJECT ADDED ENTRY--TOPICAL TERM | |
| Topical term or geographic name as entry element | Bible. |
| General subdivision | Hermeneutics |
| -- | Adresses, essays, lectures |
| 9 (RLIN) | 17073 |
| 650 ## - SUBJECT ADDED ENTRY--TOPICAL TERM | |
| Topical term or geographic name as entry element | Bible O.T. Genesis XXII |
| General subdivision | Criticism |
| 9 (RLIN) | 17074 |
| 650 ## - SUBJECT ADDED ENTRY--TOPICAL TERM | |
| Topical term or geographic name as entry element | Bible N.T. Luke XV |
| General subdivision | Criticism, interpretations |
| 9 (RLIN) | 17075 |
| 700 ## - ADDED ENTRY--PERSONAL NAME | |
| Personal name | Hadidian, Dikran Y. (series general editor) |
| 9 (RLIN) | 17080 |
| 700 ## - ADDED ENTRY--PERSONAL NAME | |
| Personal name | Miller, D.G. (tr.) |
| 9 (RLIN) | 17318 |
| 942 ## - ADDED ENTRY ELEMENTS (KOHA) | |
| Source of classification or shelving scheme | Library of Congress Classification |
| Item type | Monograph ( Printed materials) |
| Withdrawn status | Lost status | Source of classification or shelving scheme | Damaged status | Not for loan | Collection code | Home library | Current library | Shelving location | Date acquired | Total Checkouts | Full call number | Barcode | Date last seen | Price effective from | Koha item type |
|---|---|---|---|---|---|---|---|---|---|---|---|---|---|---|---|
| Library of Congress Classification | Main Collection | ARRUPE LIBRARY | ARRUPE LIBRARY | Main Collection | 09/04/2015 | BS476.E9413 | 46500002505 | 09/04/2015 | 09/04/2015 | Monograph ( Printed materials) |